000 00716nam a2200193 a 4500
001 BRCA_111
005 20190320202901.0
008 930428s1992 mx-a---###---#001-0#spa-#
020 _a9686492526
040 _aDLC
_cDLC
050 4 _aQK495.O6
_b.H29 1992
100 1 _aHartmann, Walter
_9432
245 1 0 _aLas orquídeas de Chiapas
_cWalter Hartmann.
260 _aTuxtla Gutiérrez, México
_bGobierno del Estado de Chiapas, Consejo Estatal de Fomento a la Investigación y Difusión de la Cultura, DIF-Chiapas, Instituto Chiapaneco de Cultura
_c1992
300 _a70 p.
_bil. (a color)
_c27 cm.
440 0 _aColección Científica
_v3
_9433
650 1 4 _aOrquídeas
_xTrabajos Ilustrados
_zMéxico
_9434
942 _2lcc
_cB
999 _c96
_d96